Street Com Guide To Smart Investing In The Internet Era (Record no. 301580)

MARC details
000 -LEADER
fixed length control field 00424nam a2200157Ia 4500
008 - FIXED-LENGTH DATA ELEMENTS--GENERAL INFORMATION
fixed length control field 230718s9999 xx 000 0 und d
041 ## - LANGUAGE CODE
Language code of text/sound track or separate title eng
082 ## - DEWEY DECIMAL CLASSIFICATION NUMBER
Classification number 004.1
Item number KAN
100 ## - MAIN ENTRY--PERSONAL NAME
Personal name Kansas D.
9 (RLIN) 187118
245 ## - TITLE STATEMENT
Title Street Com Guide To Smart Investing In The Internet Era
260 ## - PUBLICATION, DISTRIBUTION, ETC. (IMPRINT)
Date of publication, distribution, etc. 2001
Name of publisher, distributor, etc. Currency
300 ## - PHYSICAL DESCRIPTION
Extent 332
365 ## - TRADE PRICE
Currency code Rs.
Price amount 719.00
700 ## - ADDED ENTRY--PERSONAL NAME
Personal name Kansas D.
9 (RLIN) 187118
906 ## - LOCAL DATA ELEMENT F, LDF (RLIN)
d B:797514-Mar-2001
c COMP
b 107.85
Holdings
Withdrawn status Lost status Damaged status Not for loan Home library Current library Date acquired Vendor Budget Code Cost, normal purchase price Bill number Total Checkouts Full call number Barcode Date last seen Discount Cost, replacement price Bill Date Koha item type Original Barcode
        Cummins College of Engineering for Women Pune Cummins College of Engineering for Women Pune 19/05/2001 Technical Book Services COMP 611.15 7975   004.1 CCEP-BK-12786 18/07/2023 107.85 719.00 14/03/2001 Books 012786